000 01079nam a2200241Ia 4500
003 OSt
005 20220923224022.0
006 a|||||r|||| 00| 0
007 ta
008 220922b |||||||| |||| 00| 0 hin d
024 _a224,092
037 _cTextual
040 _aARTS
_cARTS
_bhin
041 _2hin
_ahin
082 _aO6:g(V:17), 152N9
100 _aथ्योंगो, न्गुगाी वा; वर्मा, आनंदस्वरूप, संपा.
_9167740
245 0 _aऔपनिवेशिक मानसिकता से मुक्ति
_b शिक्षा और संस्कृति की राजनीति
246 _aAupaniveshik mānasikatā se mukti: shikṣhā aur sanskṛuti kī rājanīti
260 _aनई दिल्ली
_b ग्रंथ शिल्पी
_c1999
300 _a163पृ.
_ccm.
942 _hO6:g(V:17), 152N9
_cTEXL
_2CC
999 _c368698
_d368698